Quake II Levels: Extreme - Statistics

General Stats
  • This quiz has been taken 3 times
  • The average score is 31 of 119
Answer Stats
Answer % Correct
Big Gun
100%
Final Showdown
100%
Outer Base
100%
Outer Hangar
100%
Power Plant
100%
Pumping Station 1
100%
Pumping Station 2
100%
The Warehouse
100%
Warehouse
100%
Widow's Lair
100%
Ammo Depot
50%
Badlands
50%
Command Center
50%
Command Core
50%
Give Me Back My Moon
50%
Industrial Facility
50%
Inner Compound
50%
Inner Hangar
50%
Installation
50%
Lost Station
50%
Lower Mines
50%
Lower Palace
50%
McGee Station
50%
Mine Entrance
50%
Munitions Plant
50%
Outer Compound
50%
Outer Courts
50%
Pumping Station 3
50%
Research Hangar
50%
Ruined Earth
50%
Sewers
50%
Storage Facility
50%
Strogg Freighter
50%
Sudden Death
50%
Temple of the Creator
50%
Thaelite Mines
50%
The Casali Effect
50%
The Swamps
50%
Torture Chambers
50%
Toxic Waste Dump
50%
Turbine
50%
Upper Mines
50%
Upper Palace
50%
Waste Disposal
50%
Waste Processing
50%
Way of the Marine
50%
Zaxite Mines
50%
Access Conduits
0%
A Grave for Dead Gods
0%
Baklava
0%
Bio-Waste Treatment
0%
Borehole
0%
Cargo Bay
0%
Central Complex
0%
Comm Center
0%
Comm Satellite
0%
Comms Bunker
0%
Communications Center
0%
Cooling Facility
0%
Core Reactor
0%
Descent To Core
0%
Detention Center
0%
Docking Station
0%
Drilling Area
0%
Eastern Warehouse
0%
Echoes of the Past
0%
Fatalism
0%
Geothermal Station
0%
Grid Control
0%
Guard House
0%
Heavy Water
0%
Inner Chamber
0%
Intelligence Center
0%
Junkyard
0%
Launch Command
0%
Logistics Complex
0%
Lower Hangars
0%
Main Gate
0%
Maintenance Hangars
0%
Megacorpse IV
0%
Mine Engineering
0%
Orbital Defense
0%
Organic Storage
0%
Outer Complex
0%
Processing Center
0%
Processing Plant
0%
Receiving Center
0%
Refinery
0%
Research Lab
0%
Security Annex
0%
Security Complex
0%
Strogg Flesh Labs
0%
Strogg Gateway
0%
Strogg Jammers
0%
Strogg Mining Intake
0%
Strogg Outpost
0%
Supply Station
0%
Surface Infiltration
0%
Tactical Command
0%
Tectonic Stabilizer
0%
The Death Gate
0%
The Hangars
0%
The Mainframe
0%
The Reactor
0%
Too Deep
0%
Too Greedy
0%
Twists
0%
Uplink Tower
0%
Waste Sieve
0%
Waterfront Storage
0%
Water Treatment Plant
0%
No matching quizzes found
Score Distribution
Percent of People with Each Score
Percentile by Number Answered
Your Score History
You have not taken this quiz